000 00536nam a2200217Ia 4500
999 _c1634
_d1634
007 ta
008 190719s1958 ii ||||g||||||||| ||und||
020 _cRs.310.00
040 _aKO
_beng
041 0 _aeng
044 _aii
082 0 4 _a343.54096
_bM535
_223
110 _aIndia.
245 0 _aThe Merchant Shipping Act, 1958 /
260 _aNew Delhi :
_bUniversal Law Publishing Co. Pvt. Ltd. ,
_c[201-?]
300 _axxii, 456 p. ;
_c 26 cm.
650 _aMaritime law
904 _aA_BOSE
942 _2ddc
_cBK